Statistiques concernant Personnges Zelda - images

Cliquez ici pour prendre le quiz!

Statistiques générales

  • Ce quiz a été pris 168 fois
  • Le résultat moyen est 10 sur 18

Statistiques - réponses

Réponse% Correct
Zelda
97%
Link
93%
Sheik
88%
Midona
79%
Tingle
78%
Terry
74%
Impa
73%
Skull kid
68%
Rhoam Bosphoramus Hyrule
64%
Xanto
63%
Ghirahim
55%
Dieu démon
47%
Biggoron
34%
Vendeur de masques
26%
Beterah
21%
Madame Patricia
20%
Kaepora Gaebora
12%
Ganon créature maléfique
5%

Distribution des résultats

Percentile par nombre de réponses

% des personnes avec chaque résultat

Votre développement - résultats

Vous n’avez pas pris ce quiz